Özgür, demokratik ve güvenli seçim (Record no. 6789)

MARC details
000 -BAŞLIK
Sabit Uzunlukta Kontrol Alanı 00744na a2200253 4500
001 - KONTROL NUMARASI
Denetim Alanı 23448
003 - KONTROL NUMARASI IDENTIFIER
Denetim Alanı MIRAKIL
005 - SON İŞLEM TARİHİ VE ZAMANI
Denetim Alanı 20181213155119.0
008 - SABİT-BOY VERİ ELEMANLARI - GENEL BİLGİLER
Sabit Uzunlukta Kontrol Alanı 170929b tu 000 0
020 ## - ULUSLARARASI STANDART KİTAP NUMARASI
Uluslararası Standart Kitap Numarası 9786058967229
040 ## - KATALOGLAMA KAYNAK
Orijinal Kataloglama Ajansı Milas
Kataloglama Dili tur
Metne Dönüştürmek Ajansı TR-AnCHP
041 ## - DİL KODU
Metin / Ses Parça Veya Ayrı Başlığın Dil Kodu tur
082 ## - DEWEY ONLU SINIFLANDIRMA NUMARASI
Sınıflandırma Numarası 324.6
Ürün Numarası E73ö 2011
090 ## - SINIFLAMA NUMARASI
Sınıflama Numarası 324.6 E73ö 2011
100 ## - ANA GİRİŞ - KİŞİSEL İSİM
Kişisel Ad Esen, Kasım
245 ## - BAŞLIK TABLOSU
Başlık Özgür, demokratik ve güvenli seçim
Sorumluluk Tablosu, Vb Kasım Esen, Özdemir Akbal
260 ## - YAYIN, DAĞITIM, VB
Yayın, Dağıtım, Vb Yeri İstanbul
Yayıncı, Dağıtıcı, Vs Adı BİLGESAM Yayınları
Yayın, Dağıtım, Vb Tarihi 2011
Üretici Firma Ecem basın yayın
300 ## - FİZİKSEL TANIM
Kapsam 170 s.
Boyutlar 23 sm.
650 ## - KONU KATMA GİRİŞ - TOPİKAL DÖNEM
Topikal Süreli Veya Coğrafi Ad Giriş Elemanı Seçimler
Genel Alt Bölümü Sorunlar ve çözümler
650 ## - KONU KATMA GİRİŞ - TOPİKAL DÖNEM
Topikal Süreli Veya Coğrafi Ad Giriş Elemanı Seçim sistemleri
Genel Alt Bölümü Türkiye
650 ## - KONU KATMA GİRİŞ - TOPİKAL DÖNEM
Topikal Süreli Veya Coğrafi Ad Giriş Elemanı Siyaset ve yönetim
Genel Alt Bölümü Türkiye
700 ## - KATMA GİRİŞ - KİŞİSEL İSİM
Kişisel Ad Akbal, Özdemir
942 ## - EKLENDİ GİRİŞ ELEMANLARI (KOHA)
Sınıflandırma Veya Raf Düzeni Kaynak Dewey Decimal Classification
Koha Öğesi Türü Books
999 ## - SİSTEM KONTROL NUMARALARI (KOHA)
Koha Biblionumber 6789
Koha Biblioitemnumber 6789

No items available.